[Event "Reykjavik op"]
[Site "Reykjavik"]
[Date "2015.03.15"]
[Round "7"]
[White "Klausen, Kris"]
[Black "Steingrimsson, Karl Egill"]
[Result "1-0"]
[WhiteElo "1937"]
[BlackElo "1720"]
[PlyCount "55"]
[EventDate "2015.03.10"]
[EventType "swiss"]
[EventRounds "10"]
[EventCountry "ISL"]
[SourceTitle "CBM 165 Extra"]
[Source "ChessBase"]
[SourceDate "2015.04.21"]
[SourceVersion "1"]
[SourceVersionDate "2015.04.21"]
[SourceQuality "1"]

1. d4 Nf6 2. c4 e6 3. g3 Be7 4. Bg2 d5 5. Nc3 0-0 6. Nf3 Nbd7 7. Bf4 c6 8. 0-0 Re8 9. Qc2 Nf8 10. e4 Ng6 11. Be3 dxe4 12. Nxe4 Nxe4 13. Qxe4 h6 14. h4 f5 15. Qc2 Bf6 16. Rad1 Qa5 17. h5 Ne7 18. Rfe1 b5 19. b3 Bd7 20. Bf4 Kf7 21. Be5 Rad8 22. cxb5 Qxb5 23. Bf1 Qb7 24. Nd2 Nc8 25. Bc4 Nb6 26. Qxf5 Ke7 27. Bxf6+ gxf6 28. Rxe6+ 1-0